| 000 | 01657nam0a2200313 4500 | ||
|---|---|---|---|
| 001 | RU\NLR\bibl\1410456 | ||
| 005 | 20250615211305.0 | ||
| 010 |
_a978-5-94841-064-7 _935 |
||
| 021 |
_aRU _b2009-54045 _93333 |
||
| 035 | _a(NLR Aleph) 001402437 | ||
| 090 |
_a1230940 _c1230940 |
||
| 100 | _a20090911d2009 |||y0rusy50 ca | ||
| 101 | 0 | _arus | |
| 102 | _aRU | ||
| 105 | _ag ||||||||| | ||
| 200 | 1 |
_aИсполнительская интерпретация концертов для баяна с оркестром _eучебно-методическое пособие для студентов исполнительских факультетов художественных вузов _fА.Е. Лебедев _gФедер. агентство по культуре и кинематографии РФ, Сарат. гос. консерватория им. Л.В. Собинова |
|
| 210 |
_aСаратов _cФГОУ ВПО "Саратовская государственная консерватория" _d2009 |
||
| 215 |
_a45 с. _cноты _d21 |
||
| 320 | _aБиблиогр.: с. 42-44 (46 назв.) | ||
| 606 | 1 |
_aМузыкальное исполнительство _jУчебные издания для высших учебных заведений _9920361 _3RU\NLR\auth\6618335 |
|
| 686 | _aЩ310.7я73 | ||
| 700 | 1 |
_4070 _7ca _8rus _aЛебедев _bА. Е. _cд-р искусствоведения _f1976- _gАлександр Евгеньевич _964298 _3RU\NLR\AUTH\7781370 |
|
| 801 | 0 |
_aRU _bNLR _c20090911 _gRCR |
|
| 801 | 1 |
_aRU _bNLR _c20090911 |
|
| 942 | _cBOOK | ||
| 980 | _aNB | ||
| 980 | _aNBR | ||